| 000 | 01267nam a22002177a 4500 | ||
|---|---|---|---|
| 005 | 20120526111632.0 | ||
| 010 | _a | ||
| 020 |
_a8173152934 _c200.00 |
||
| 035 | _aA-982112 | ||
| 037 | _bप्रभात प्रकाशन | ||
| 082 | _a509.9 | ||
| 100 |
_aकलाम, ए.पी.जे.अब्दुल _947974 |
||
| 245 |
_aअग्नि की उड़ानः _cए.पी.जे.अब्दुल कलाम; आर्येंद्र उपाध्याय द्वारा अनुदित _b(आत्मकथा) / |
||
| 260 |
_aदिल्ली _bप्रभात प्रकाशन _c2000 |
||
| 270 |
_a4/19 आसफ अली रोड _bदिल्ली _e110002 |
||
| 300 |
_a194पृ _c22सेमी (सजिल्द) _bसचित्र |
||
| 700 |
_aउपाध्याय, आर्येंद्र _922284 |
||
| 942 |
_2ddc _cHN _mअब्दुल _h509.9 |
||
| 999 |
_c67189 _d67189 |
||